Balance y perspectiva: discursos y ensayos

Guardat en:
Dades bibliogràfiques
Autor principal: Jaspers, Karl (Autor)
Format: Llibre
Idioma:espanyol
Publicat: Madrid Revista de Occidente 1953
Matèries:
Etiquetes: Afegir etiqueta
Sense etiquetes, Sigues el primer a etiquetar aquest registre!

MARC

LEADER 00000nam a2200000 a 4500
001 UCZ1347
003 CL-VaPUC
005 20220714074351.0
008 950824e19530000SP |||||||||||||||||spa|d
999 |c 238102  |d 238100 
040 |c Pontificia Universidad Católica de Valparaíso 
082 0 4 |a 142.7  |b JAS  |2 21 
100 |a Jaspers, Karl  |e author  |9 334584 
245 1 0 |a Balance y perspectiva: discursos y ensayos 
260 |a Madrid  |b Revista de Occidente  |c 1953 
300 |a 274 p 
583 |a last modification  |c 19950824 00:00:00  |k Rodrigo Vera 
600 0 7 |a WEBER, MAX  |2 CL-VaPUC  |9 314708 
600 0 7 |a Jaspers, Karl   |d 1883-1969  |9 858275 
650 0 |a Humanismo  |9 256530 
650 0 |a Libertad  |9 255686 
650 0 |a Filosofía   |9 223554 
650 0 |a Filósofos   |9 269126 
852 |a BIBCUR 
942 |c BK  |2 ddc 
945 |d 19950824 00:00:00  |a aalvarez 
952 |0 0  |1 0  |4 0  |6 142_700000000000000_JAS_1953  |7 0  |8 A  |9 248094  |a BIBEDU  |b BIBEDU  |d 2019-11-18  |i 312293K  |o 142.7 JAS 1953  |p 312293K  |r 2019-11-18  |w 2019-11-18  |y BK  |k FIL 
952 |0 0  |1 0  |4 0  |6 142_700000000000000_JAS_1953  |7 0  |8 A  |9 248095  |a BIBEDU  |b BIBEDU  |d 2019-11-18  |i 1562975  |o 142.7 JAS 1953  |p 1562975  |r 2019-11-18  |w 2019-11-18  |y BK  |k FIL